=LDR 00000nam 2200000 4500 =001 INLIS000000000024296 =005 20130612122906 =008 ***********************************Ind** =035 ##$$0010-061300000024296 =041 ##$$a Ind =082 ##$$a 813 =090 ##$$a 813, Qud a =100 ##$$a Quddous, Ihsan Abdel =245 ##$$a An evenin in cairo, Ihsan Abdel QUdous =260 ##$$a 2005 $b Jakarta =300 ##$$a 180 hlm, 17 cm =650 ##$$a Novel =850 ##$$a NBPNMAT